Statystyki dla QUIZ ROZPOZNAJ KRAJ AMERYKI POŁUDNIOWEJ PO STOLICY

Kliknij tutaj aby rozwiązać quiz!

Ogólne statystyki

  • Ten quiz został rozwiązany 29 razy
  • Średni wynik to 11 z 12

Statystyki odpowiedzi

PYTANIEODPOWIEDŹ% Poprawnych
BUENOS AIRESARGENTYNA
100%
BRAZILABRAZYLIA
100%
SANTIAGOCHILE
96%
BOGOTAKOLUMBIA
96%
LIMAPERU
89%
MONTEWIDEOURUGWAJ
89%
LA PAZBOLIWIA
86%
QUITOEKWADOR
86%
CARACASWENEZUELA
86%
ACUNSIONPARAGWAJ
79%
GEORGETOWNGUJANA
71%
PARAMARIBOSURINAM
71%

Rozkład punktacji

Percentyl według liczby udzielonych odpowiedzi

Procent ludzi z każdym wynikiem

Twoja historia wyników

Nie rozwiązałeś tego quizu